000 00373nam a2200145 i 4500
001 bg
100 1 _aKRATOCHVIL, Stanislav
245 0 _aVodni nadrže a přehrady /
_cStanislav Kratochvil.
260 _aPraha :
_bČeskoslovenské Akademie VÉD,
_c1961.
040 _cBPK
041 _apol
080 _a627.8
942 _cKS
008 s pl f |000 0 pol
999 _c19664
_d19664
856 _uhttp://koha.tu.koszalin.pl/cgi-bin/koha/opac-detail.pl?biblionumber=19664
_yKatalog online BPK